[Event "WchT 5th"]
[Site "Yerevan"]
[Date "2001.10.12"]
[Round "1.3"]
[White "Rublevsky, Sergei"]
[Black "Varga, Zoltan"]
[Result "1-0"]
[WhiteElo "2634"]
[BlackElo "2506"]
[Annotator "Finkel,A"]
[PlyCount "49"]
[EventDate "2001.10.12"]
[EventType "team-tourn"]
[EventRounds "9"]
[EventCountry "ARM"]
[SourceTitle "CBM 086"]
[Source "ChessBase"]
[SourceDate "2002.02.05"]
[SourceVersion "1"]
[SourceVersionDate "2002.02.05"]
[SourceQuality "1"]
[WhiteTeam "Russia"]
[BlackTeam "Hungary"]
[WhiteTeamCountry "RUS"]
[BlackTeamCountry "HUN"]

1. e4 Nf6 2. e5 Nd5 3. d4 c6 4. Nf3 d6 5. Be2 dxe5 6. dxe5 h6 {Very ambitious
continuation, however not such a bad one.} (6... g6 7. O-O Bg7 8. c4 Nc7 9.
Qxd8+ Kxd8 10. Ng5 Ke8 11. f4 $14 {Karnik,P-Varga,P/SVK 1999/EXT 2000}) (6...
Bf5 7. Nd4 (7. O-O e6 8. c4 Ne7 9. Qxd8+ Kxd8 10. Rd1+ Ke8 11. Nd4 Nd7 12. f4
g5 13. fxg5 Nxe5 $132 {Zapata,A-Miles,A/Capablanca mem-A 1994/CBM 43}) 7... e6
8. Nxf5 exf5 9. O-O (9. c4 Nc7 10. Qxd8+ Kxd8 11. Be3 Nd7 12. f4 h5 13. Nd2 Ne6
14. Nb3 Kc7 $11 {Schoenthier,F-Buecker,S/Bad Neuenahr 1987/CBM 04}) 9... Be7 (
9... Nd7 10. Bc4 N7b6 11. Bb3 Bc5 12. Qf3 g6 13. Nc3 O-O 14. Rd1 $16 {Smirin,
I-Zelcic,R/Struga 1995/CBM 49 ext}) 10. c4 Nc7 11. Qb3 Qc8 12. Qh3 Qe6 13. Bd3
g6 14. Re1 Nba6 $13 {Namyslo,H-Bagirov,V/Deizisau 1999/EXT 2000}) (6... Bg4 7.
c4 Bxf3 8. gxf3 $6 Nc7 9. Qxd8+ Kxd8 10. Bd2 Nd7 11. f4 Ne6 12. Nc3 Nd4 $11 {
Heitsch,B-Weise,M/Hessen 1999/EXT 2000}) 7. O-O g5 $6 8. h4 $1 {Immideatly
attacking black pawns on the kingside.} g4 (8... gxh4 9. Nxh4 (9. c4 Nc7 10.
Qxd8+ Kxd8 11. Nxh4 Bg7 12. f4 $14) 9... Bg7 10. f4 Qb6+ 11. Rf2 Ne3 12. Qd3
Ng4 13. Bxg4 Bxg4 14. Nc3 $14) 9. Nd4 h5 $6 (9... e6 10. Bxg4 Qxh4 11. g3 Qd8
12. Qe2 $14) 10. e6 $1 {[%cal Ge2d3,Gd3g6] This typical sacrifice is very
strong in the following position.} Bxe6 $6 {Another inaccuracy after which
black is in serious troubles.} (10... fxe6 11. Qd3 (11. Bd3 Bg7 12. Bg6+ Kf8
13. c3 e5 14. Nf5 Bxf5 15. Bxf5 Na6 $13) 11... Qd6 12. Na3 e5 13. Nc4 Qf6 14.
Bg5 Qg7 15. Nf5 $36) 11. Nxe6 fxe6 12. Bd3 Qd6 $2 {Every move of black is
mistake! Itt was necessary to play} (12... Bh6 13. Bg6+ Kf8 14. c4 Bxc1 15.
Qxc1 Nf6 16. Qe3 $36 {however also in this case black's chanses to survive are
not very high!}) 13. c4 Nc7 $2 {Blundering a piece in extremly difficult
position.} (13... Nf6 14. Bf4 Qd7 15. Bg6+ Kd8 16. Nc3 $16) 14. Bf4 $1 $18 {
[%csl Rc7,Re8][%cal Gd3g6]} Qxf4 {Black decides to make a couple of more moves
which can't change anything.} (14... e5 15. Bxe5 Qxe5 16. Bg6#) 15. Bg6+ Qf7
16. Bxf7+ Kxf7 17. f3 g3 18. Qd4 Kg8 19. Qe5 Nba6 20. Qxg3+ Bg7 21. Nc3 Kf7 22.
Qf4+ Ke8 23. Rad1 Rc8 24. Qg5 Kf7 25. Ne4 1-0

[Event "Abu Dhabi op 14th"]
[Site "Abu Dhabi"]
[Date "2004.08.23"]
[Round "9"]
[White "Ramesh, Ramachandran B"]
[Black "Gozzoli, Yannick"]
[Result "1-0"]
[WhiteElo "2484"]
[BlackElo "2429"]
[Annotator "Finkel,A"]
[PlyCount "49"]
[EventDate "2004.08.14"]
[EventType "swiss"]
[EventRounds "9"]
[EventCountry "UAE"]
[SourceTitle "CBM 103"]
[Source "ChessBase"]
[SourceDate "2004.11.11"]
[SourceVersion "1"]
[SourceVersionDate "2004.11.11"]
[SourceQuality "1"]

1. e4 Nf6 2. e5 Nd5 3. d4 d6 4. Nf3 g6 5. Bc4 Nb6 6. Bb3 Bg7 7. Ng5 e6 8. Qf3
Qd7 {Very dangerous variation for black. A complex of the dark squares on the
kingisde is a sourse of black problems.} (8... O-O) 9. Ne4 dxe5 10. dxe5 (10.
Nf6+ Bxf6 11. Qxf6 Rg8 12. dxe5 Qd4 13. f4 (13. Qf4 Qxf4 14. Bxf4 g5 15. Bg3
Bd7 16. Nc3 Bc6 17. f3 N8d7 18. Rd1 $14 {Zimmermann,F-Polzin,R/Waldbronn 1992})
13... N8d7 14. Qg5 Nc5 15. Nc3 a5 16. a3 a4 17. Ba2 Ne4 18. Nxe4 Qxe4+ 19. Kd1
Bd7 $132 {Ljubojevic,L-Alburt,L/USA 1990}) (10. Bh6 f5 11. Nc5 Qe7 12. Bxg7
Qxg7 13. Bxe6 Nc6 14. Bxc8 Nxd4 15. Qxb7 Rxc8 16. Na3 Qe7 17. Nb3 O-O $15 {
Solozhenkin,E-Dubois,J/Cappelle la Grande 1994}) 10... Qd4 {Other moves aren't
any better.} (10... Bxe5 11. Nf6+ Bxf6 12. Qxf6 {'[#]'} Rg8 13. Qh4 f5 14. Nc3
Nc6 (14... Qg7 15. Bg5 h6 16. Bxh6 g5 17. Bxg7 gxh4 18. Bf6 $16 {Haba,P-Polzin,
R/Pardubice 1993}) 15. Bg5 Qd4 16. Qxh7 Qe5+ 17. Kf1 Qg7 18. Qxg7 Rxg7 19. Re1
Bd7 20. Nb5 $16 {Van der Wiel,J-Hoeksema,H/Netherlands 1991}) 11. Nbc3 Nc6 12.
O-O Qxe5 (12... Nxe5 $142 13. Qg3 Nbd7 14. Be3 Qb4 15. a3 Qa5 16. Rad1 $44) 13.
Bf4 Qf5 14. Ng3 Qa5 (14... Nd4 15. Qe3 Qc5 16. Nce4 Qe7 17. Bh6 Bxh6 18. Qxh6
f5 19. Ng5 $36) (14... Qc5 15. Nce4 Qe7 16. Bg5 Nd4 17. Qf4 $16) 15. Bxc7 Nd4
$6 (15... O-O) 16. Qf4 O-O 17. Rfe1 $16 Nb5 $6 18. Qg5 $6 {Missing a chance to
get the decisive advantage with spectacular 18.Re5, taking advantage o the
fact that black queen is misplaced on a5.} (18. Re5 $1 Bd7 (18... Bxe5 19. Qxe5
Bd7 20. a4 f6 21. Qc5 Nxa4 22. Qxf8+ Kxf8 23. Bxa5 $18) 19. a4 Qxc3 20. bxc3
Nxc7 21. Ne4 $18) 18... f5 19. Nxb5 (19. Re5 $1 Bxe5 20. Bxe5 Nxc3 21. Bxc3 Qc5
22. Ne4 $18 {[%cal Ge4f6]}) 19... Qxb5 20. Rad1 Qc6 (20... Bxb2 21. Nh5 Qb4 22.
Nf4 Bf6 23. Qg3 $16) 21. Be5 Bxe5 22. Rxe5 Kh8 $2 (22... Nc4 23. Nxf5 $1 exf5
24. Qe7 $18 {[%cal Ge5c5,Gd1d8]}) 23. Rd8 Bd7 24. Qf6+ Kg8 25. Qxf8# 1-0

[Event "Olympiad-36"]
[Site "Mallorca"]
[Date "2004.10.20"]
[Round "6"]
[White "Egin, Vladimir"]
[Black "Nogueiras Santiago, Jesus"]
[Result "0-1"]
[WhiteElo "2459"]
[BlackElo "2546"]
[Annotator "Finkel,A"]
[PlyCount "66"]
[EventDate "2004.10.15"]
[EventType "team-swiss"]
[EventRounds "14"]
[EventCountry "ESP"]
[SourceTitle "CBM 104"]
[Source "ChessBase"]
[SourceDate "2005.01.27"]
[SourceVersion "1"]
[SourceVersionDate "2005.01.27"]
[SourceQuality "1"]
[WhiteTeam "Uzbekistan"]
[BlackTeam "Cuba"]
[WhiteTeamCountry "UZB"]
[BlackTeamCountry "CUB"]

1. e4 Nf6 2. e5 Nd5 3. d4 d6 4. Nf3 dxe5 5. Nxe5 c6 6. Nd2 (6. c4 $5) 6... Nd7
7. Nd3 g6 8. Nf3 Bg7 9. Be2 c5 $5 {Nogueiras is an expert in this rare line of
the Alekhine defense.} (9... O-O 10. O-O N7f6 (10... b6 11. Bg5 (11. Re1 c5 12.
c4 Nc7 13. Be3 cxd4 14. Nxd4 e5 15. Nc6 Qe8 $13 {Palac,M-Khaetsky,R/Dresden
2003}) 11... h6 12. Bd2 e6 13. Qc1 Kh7 14. c4 Ne7 15. Bb4 Bb7 16. Rd1 $14 {
Delgado,N-Nogueiras,J/Santa Clara 2004}) (10... a5 11. Re1 b5 12. c3 Ba6 13.
Nfe5 Nxe5 14. Nxe5 Qc7 15. a4 e6 16. Bd3 $14 {Zapata,A-Nogueiras,J/Merida 2002}
) 11. Re1 Bf5 12. c3 Re8 13. Qb3 Qc8 14. Nfe5 Bxd3 15. Nxd3 e6 16. Bf3 Qc7 17.
c4 $14 {Ragger,M-Schweda,R/Hartberg 2003}) 10. c4 N5f6 $1 {An improvement
comparing to 10...N5b6, which was tried in one of Nogueiras' games.} (10...
N5b6 $6 11. Qb3 Qc7 12. Bf4 Qc6 13. d5 Qa4 14. Nd2 Qa5 15. a4 $16 {Vazquez,
R-Nogueiras,J/Santa Clara 2000}) 11. d5 {Black is probably doing fine no
matter what white plays:} (11. O-O cxd4 12. Nxd4 O-O 13. Be3 a6 {[%cal Ge7e5]}
14. f4 (14. Qb3 e5 15. Nc2 e4 16. Nf4 Qc7 $13) 14... Qc7 15. Qc2 Nc5 $11) 11...
b5 $1 $132 {Using some Benko motives in the Alekhine defense!} 12. Nde5 ({
Nothing promised} 12. cxb5 Nxd5 13. O-O Bb7 14. Qa4 O-O 15. Qh4 e5 16. Bg5 Qb6
$13 {with unclear position.}) 12... Nxe5 13. Nxe5 bxc4 14. Bf3 (14. Bxc4 O-O
15. Nc6 Qd6 16. Qf3 e5 17. O-O Bd7 18. Bg5 h6 $13) 14... O-O $1 {It's hard to
call this move a sacrifice since black gets a bishop and 2 pawns for the
exchange, but it's definitly a very good strategical decision since black gets
a fantastic position.} 15. d6 exd6 16. Bxa8 dxe5 17. Qxd8 Rxd8 18. Bg5 $2 {
This move is the decisive mistake. The only chance was to put the bishop on c3
with unclear position.} (18. Bc6 Bf5 19. Bd2 $1 {[%cal Gd2c3]} Bd3 20. Bc3 Nd5
21. Bxd5 Rxd5 22. f3 $11) 18... Bf5 $17 19. Bf3 Bd3 $1 20. O-O-O $6 {Making
black's task of winning the game too easy! It was still possible to put up
some resistance after} (20. Be2 e4 21. Rc1 Rb8 22. Bxd3 cxd3 (22... exd3 23.
Rxc4 Rxb2 24. O-O (24. Rxc5 $6 Ne4 25. Rc8+ Bf8 26. Bh6 Rb1+ 27. Rc1 Bb4+ 28.
Kf1 Rxc1+ 29. Bxc1 d2 30. Ke2 dxc1=Q 31. Rxc1 a5 $17) 24... Nd7 25. Rd1 Bd4 26.
Be3 Bxe3 27. fxe3 Kg7 $17) 23. Rxc5 Ng4 24. O-O h6 25. Bc1 Rd8 $17) 20... h6
21. Be3 (21. Bh4 Rd4 {[%cal Ge5e4]} 22. g4 e4 23. Bg2 Nxg4 $19) 21... e4 22.
Be2 Nd5 23. Bxd3 cxd3 24. Rhe1 f5 $19 {Now it's all over. The rest is just an
agony.} 25. f3 Nxe3 26. Rxe3 Bf6 27. g3 c4 (27... Bd4 28. Ree1 Bf2 29. Rf1 e3
30. Rxf2 exf2 31. Rf1 d2+ 32. Kd1 Rb8 33. b3 c4 34. Kxd2 cxb3 35. axb3 Rxb3 $19
) 28. Kb1 Bd4 29. Ree1 e3 30. b3 e2 31. Rd2 Re8 32. bxc4 Rb8+ 33. Kc1 Be3 0-1

[Event "Olympiad-36"]
[Site "Mallorca"]
[Date "2004.10.22"]
[Round "7"]
[White "Vallejo Pons, Francisco"]
[Black "Mamedyarov, Shakhriyar"]
[Result "1-0"]
[WhiteElo "2678"]
[BlackElo "2660"]
[Annotator "Finkel,A"]
[PlyCount "89"]
[EventDate "2004.10.15"]
[EventType "team-swiss"]
[EventRounds "14"]
[EventCountry "ESP"]
[SourceTitle "CBM 104"]
[Source "ChessBase"]
[SourceDate "2005.01.27"]
[SourceVersion "1"]
[SourceVersionDate "2005.01.27"]
[SourceQuality "1"]
[WhiteTeam "Spain"]
[BlackTeam "Azerbaijan"]
[WhiteTeamCountry "ESP"]
[BlackTeamCountry "AZE"]

1. e4 Nf6 2. e5 Nd5 3. d4 d6 4. Nf3 dxe5 5. Nxe5 c6 (5... Nd7) (5... g6) 6. c3
Nd7 (6... g6 7. g3 Bg7 8. Bg2 Nd7 9. Nxd7 Bxd7 10. Nd2 O-O 11. Nf3 Qc8 12. O-O
Bh3 13. Re1 Bxg2 14. Kxg2 e6 $11 {Shur,M-Bagirov,R/Baku 1996}) (6... Bf5 7. Bd3
Bxd3 8. Qxd3 g6 9. O-O Bg7 10. Nf3 O-O 11. Na3 Nd7 12. Nc4 Qc7 13. Re1 Rad8 14.
Bg5 Rfe8 $11 {Ochigava,S-Sivuk,V/Dniepropetrovsk 2003}) 7. Nf3 $5 {Retreating
with the knight is a typical reaction since the trade on d7 wouldn't promise
white anything} (7. Nxd7 Bxd7 8. Bd3 e6 9. O-O Bd6 10. Nd2 Qc7 11. h3 c5 12.
dxc5 Bxc5 13. Ne4 Be7 14. c4 Nf6 15. Nxf6+ Bxf6 $11 {Meijers,V-Grunberg,M/
Sautron 2002}) 7... g6 ({Another possible plan is} 7... e6 8. Bd3 Bd6 9. O-O
O-O 10. Re1 c5 $13) 8. Bc4 Bg7 9. O-O b5 (9... N7b6 10. Bb3 O-O 11. Re1 Bg4 12.
Nbd2 Qc7 13. Ne4 $14) 10. Bb3 O-O 11. Re1 e6 12. Bg5 Qc7 13. Na3 $14 {White
intends to play c4 later on so he prefers his knight on a3, even though 13.
Nbd2 was also possible.} Ba6 {With idea to push c5 later on, however this move
seems to be too artificial.} (13... Bb7 14. Rc1 a6 15. c4 bxc4 16. Nxc4 c5 17.
Nce5 $14 {[%cal Gc1c7]}) 14. Rc1 h6 15. Bh4 c5 16. Nxb5 $1 {Very strong move
securing white's advantage. Accepting the sacrifice would give black
sufficient counterplay.} (16. Bxd5 $5 exd5 17. dxc5 Nxc5 18. Be7 Rfe8 19. Qxd5
Ne6 20. Bd6 Qb6 21. Bg3 Rad8 $132) 16... Bxb5 17. c4 Bxc4 18. Bxc4 g5 $6 {
[%csl Rg5] Unnesessarily weakening the king and giving white a target to play
against by the means of h4.} (18... N7b6 19. Qd2 (19. b3 Nxc4 20. Rxc4 Qa5 21.
dxc5 Qxa2 22. Bg3 Rfd8 $132) 19... Nxc4 20. Rxc4 Qf4 21. Qxf4 Nxf4 22. dxc5 Nd3
23. Rb1 Nxb2 24. Rc2 Nd3 25. c6 $14) 19. Bxd5 exd5 20. Bg3 Qc6 21. dxc5 Bxb2
22. Rc2 Bg7 23. h4 Qg6 $6 (23... Rfe8 {The queen is most definitly not the
best blocking piece, but under the circumstances it was better to keep it this
way, since the pawn on c7 is just too strong too handle.} 24. hxg5 hxg5 25.
Rxe8+ Rxe8 26. Nxg5 Nxc5 27. Qh5 Re7 28. Kh2 $36) 24. c6 Nf6 25. Be5 $16 Rac8
26. c7 Rfe8 27. Rc1 $6 ({More accurate and convincing was} 27. hxg5 $142 hxg5
28. Rc6 $1 $18 g4 $140 29. Bxf6 Rxe1+ 30. Nxe1 Bxf6 31. Rxf6 $1 Qxf6 32. Qxg4+
$18) 27... g4 28. Bxf6 Rxe1+ 29. Nxe1 Qxf6 (29... Bxf6 30. Qxd5 Bxh4 31. Qd7
Qe6 32. Qxe6 fxe6 33. Nd3 g3 34. f4 Bf6 35. Kf1 $16) 30. Qxg4 Qe6 31. Qxe6 fxe6
32. Nd3 Kf7 33. Rc6 $1 {[%cal Gd3c5]} Ke7 34. Nc5 $18 {An endgame is easily
winning for white since the pawn on c7 deflects black pieces from the kingside
where white is about to create another passer.} e5 35. h5 e4 36. Kf1 Bd4 37. g4
Bxc5 38. Rxc5 Kd6 39. Rc1 Ke5 (39... d4 40. g5 hxg5 41. h6 d3 42. Ke1 Kd5 43.
h7 $18) 40. g5 hxg5 41. Rc6 $1 d4 42. h6 Kd5 43. Rc1 Kd6 44. h7 Kd7 45. Rc4 1-0

[Event "ROM-ch"]
[Site "Targoviste"]
[Date "2001.11.24"]
[Round "1"]
[White "Vasiesiu, Dan"]
[Black "Grunberg, Mihai Lucian"]
[Result "1-0"]
[WhiteElo "2440"]
[BlackElo "2472"]
[Annotator "Finkel,A"]
[PlyCount "65"]
[EventDate "2001.11.23"]
[EventType "tourn"]
[EventRounds "15"]
[EventCountry "ROU"]
[EventCategory "9"]
[SourceTitle "CBM 087"]
[Source "ChessBase"]
[SourceDate "2002.03.21"]
[SourceVersion "1"]
[SourceVersionDate "2002.03.21"]
[SourceQuality "1"]

1. e4 Nf6 2. e5 Nd5 3. d4 d6 4. Nf3 c6 $5 {Quiet rare variation,nevertheless
not such a bad one.} 5. Be2 dxe5 6. dxe5 (6. Nxe5 Nd7 7. Nf3 g6 8. c4 Nc7 9.
Nc3 Bg7 10. O-O O-O 11. Be3 Nf6 12. h3 Nce8 13. Qb3 $14 {Nunn,J-Ghinda,M/
Hamburg 1984/MCD}) 6... Bg4 (6... Bf5 7. O-O (7. Nd4 $5 e6 8. Nxf5 exf5 9. O-O
Nd7 10. Bc4 N7b6 11. Bb3 Bc5 12. Qf3 g6 13. Nc3 O-O 14. Rd1 Qe7 15. Nxd5 cxd5
16. Bxd5 Nxd5 17. Rxd5 $16 {Smirin,I-Zelcic,R/Struga 1995/CBM 49 ext}) 7... e6
8. c4 Ne7 9. Qxd8+ Kxd8 10. Rd1+ Ke8 11. Nd4 Nd7 12. f4 g5 13. fxg5 Nxe5 14.
Nc3 Bg6 15. Ndb5 $1 $14 {Zapata,A-Miles,A/Capablanca mem-A 1994/CBM 43}) 7. O-O
(7. c4 Bxf3 8. gxf3 Nc7 9. Qxd8+ Kxd8 10. Bd2 (10. f4 g6 11. Nc3 Ne6 12. Bd3
Nd7 13. Be3 Bh6 14. Ne2 Kc7 15. Bc2 Ng7 $11 {Grigorov,J-Grunberg,S/Bucharest
1980/MCL}) 10... Nd7 11. f4 Ne6 12. Nc3 Nd4 13. O-O-O e6 14. Bg4 Kc7 15. Be3
Nf5 $11 {Heitsch,B-Weise,M/Hessen 1999/EXT 2000}) 7... Qc7 (7... Nd7 8. Re1 e6
9. Ng5 Bxe2 10. Qxe2 Be7 11. Nf3 O-O 12. c4 N5b6 13. Rd1 Qc7 $11 {Schweiger,
G-Ager,J/Bayern 1997/EXT 99}) 8. c4 {The most logical move.} (8. Qd4 Bxf3 9.
Bxf3 e6 10. a3 $2 Nd7 11. Re1 Bc5 12. Qe4 Qb6 13. Re2 Bd4 $17 {[%csl Re5]
Molina Morena,A-Gonzalez Vericat,S/Barcelona 1995}) 8... Nb6 9. Ng5 $5 Bxe2 (
9... Bf5 10. e6 Bxe6 11. Nxe6 fxe6 12. Nc3 N8d7 13. Qc2 $44) 10. Qxe2 h6 (10...
e6 11. Nc3 N8d7 12. Bf4 Be7 13. Nf3 O-O 14. Ne4 $14) 11. Nf3 e6 12. Nc3 N8d7
13. Bf4 g5 14. Bg3 O-O-O 15. Ne4 $16 {[%csl Rd6] White knight is heading for
d6 and black can't prevent it.} Kb8 (15... g4 16. Nd6+ Bxd6 17. exd6 gxf3 18.
dxc7 fxe2 19. cxd8=Q+ Rxd8 20. Rfe1 $16) 16. Rad1 Be7 $6 {Too passive.} (16...
Bg7 $5) 17. Nd6 Rh7 18. Nd4 Nf8 (18... Nxe5 $2 19. c5 $1 $18) 19. b4 h5 20. h3
Ng6 21. Qe4 $1 {Black may hardly move.} Rg8 22. Rd3 h4 23. Bh2 f5 $5 {
Desperate attempt to break free which only makes things worse for black,
however it was not easy to wait passively for white to create decisive threats.
} 24. exf6 $1 {The simplest and the strongest way to victory.} Bxd6 25. Nxc6+ {
[%csl Rd6]} Ka8 $8 (25... Qxc6 26. Rxd6 $3 Qc7 (26... Qxe4 27. Rd8#) 27. Rd8+
Rxd8 28. Bxc7+ Rxc7 29. Qxg6 $18) 26. Rxd6 bxc6 27. Rxc6 Qb7 28. Rd1 $18 {
[%cal Gb4b5,Gc4c5]} Nf4 29. b5 Rf7 $6 (29... Rd7 30. Rxd7 Nxd7 31. Bxf4 gxf4
32. Qxe6 $18) 30. Bxf4 gxf4 31. c5 Nd7 32. Rc8+ $1 {Finishing the game with
the style!} Rxc8 33. c6 1-0

[Event "Pulvermuehle 2nd"]
[Site "Pulvermuehle"]
[Date "2004.02.26"]
[Round "9"]
[White "Skripchenko, Almira"]
[Black "Conquest, Stuart"]
[Result "1/2-1/2"]
[WhiteElo "2456"]
[BlackElo "2543"]
[Annotator "Finkel,A"]
[PlyCount "84"]
[EventDate "2004.02.19"]
[EventType "tourn"]
[EventRounds "11"]
[EventCountry "GER"]
[EventCategory "11"]
[SourceTitle "CBM 100"]
[Source "ChessBase"]
[SourceDate "2004.06.01"]
[SourceVersion "1"]
[SourceVersionDate "2004.06.01"]
[SourceQuality "1"]

1. e4 Nf6 2. e5 Nd5 3. d4 d6 4. Nf3 dxe5 5. Nxe5 c6 {This move is a pet line
of the german grandmaster Thomas Luther. It's a quite solid variation
promising black good chances to equalize.} 6. Bc4 Nd7 (6... Be6 7. Nd2 Nd7 8.
Ndf3 Nxe5 9. Nxe5 g6 10. Bb3 Bg7 11. O-O O-O 12. Re1 $14 {Dominguez,L-Loeffler,
S/Lisbon 1999}) 7. Nf3 (7. Nxd7 Bxd7 8. O-O Bf5 9. Bg5 Qd6 10. Bb3 e6 11. Nd2
Be7 12. Nc4 Qc7 13. Bxe7 Nxe7 14. Qe2 $14 {Werner,M-Burkart,P/Germany 1993/
GER-chT}) 7... e6 (7... N7b6 8. Bb3 Bg4 9. Nbd2 e6 10. O-O Be7 11. h3 Bh5 12.
c3 O-O 13. Ne4 Bg6 14. Qe2 Nd7 $13 {Van der Weide,K-Miles,A/Saint Vincent 2000}
) (7... N7f6 8. h3 Bf5 9. O-O h6 10. Bd3 Bxd3 11. Qxd3 e6 12. c4 Nb6 13. Bf4
Be7 14. Nc3 O-O 15. Rad1 $14 {Godena,M-Burkart,P/Eupen 1994}) 8. O-O Be7 (8...
b5 9. Bd3 (9. Bb3 Bb7 10. Nbd2 c5 11. c3 Be7 12. Ne4 O-O 13. Re1 a6 14. Bc2
N5f6 15. Ng3 cxd4 16. Nxd4 Nc5 $132 {Hernandez Guerrero,G-Luther,T/Dos
Hermanas 2003}) 9... Bb7 10. Re1 (10. a4 a6 11. Re1 Be7 12. Nbd2 Qb6 13. c4
bxc4 14. Nxc4 Qc7 15. Bg5 c5 16. Rc1 O-O 17. Bxe7 Nxe7 18. Nce5 $16 {
Iordachescu,V-Wohl,A/Vins du Medoc 2002}) 10... Be7 11. Nbd2 O-O 12. Ne4 a6 13.
Bg5 (13. c3 c5 14. dxc5 Nxc5 15. Nxc5 Bxc5 16. Qe2 Qc7 $13 {Murdzia,P-Luther,T/
Cappelle la Grande 2003}) 13... Bxg5 14. Nfxg5 h6 15. Nf3 c5 $11 {Lutz,
C-Luther,T/Essen 2002}) 9. Bb3 {In my opinion the white bishop has nothing to
do on b3, so white can hardly get an advantage after this one.} (9. Nbd2 $5 O-O
10. Ne4 b5 11. Bd3 $1 Bb7 12. c3 a6 13. a4 bxa4 14. Rxa4 c5 15. dxc5 Nxc5 16.
Nxc5 Bxc5 17. Rh4 $1 $36 {[%csl Rg8] Quezada,Y-Luther,T/Merida 2003}) 9... b5
10. Re1 {This move appears to be a novelty, but it changes nothing about the
position.} (10. a4 b4 11. c4 bxc3 12. bxc3 O-O 13. Re1 a5 14. Ba3 Ba6 15. Qc2
Bxa3 16. Nxa3 Qc7 $13 {Bologan,V-Conquest,S/Santo Domingo 2002}) 10... O-O 11.
a4 N7f6 $6 {Inaccuracy which was't exploited by white.} (11... b4) 12. Qe2 $6 (
12. Ne5 $5 Bb7 13. axb5 cxb5 14. c3 a5 15. Qd3 b4 16. Bg5 $14 {[%cal Gb3c2,
Gb1d2]}) 12... b4 13. Ne5 Bb7 14. a5 a6 {[%csl Ra5,Rb6]} (14... Rc8) 15. Nd2 c5
16. Ndf3 cxd4 17. Nxd4 Bc5 18. Ndf3 Qc7 19. Bd2 Rad8 20. Bc4 Qc8 21. Bd3 Ne7
22. Bg5 (22. Bf4 Nfd5 23. Bg3 f6 24. Nc4 e5 $15) 22... Ng6 23. Nxg6 hxg6 24.
Be3 Be7 $5 {Black decides to keep the bishops on the board.} (24... Rd5) 25.
Bb6 {[%csl Rb6]} (25. Red1 Rd5 26. c3 $6 bxc3 27. bxc3 Qxc3 28. Bxa6 Rxd1+ 29.
Rxd1 Bxf3 30. Qxf3 Qxa5 $15) 25... Rd5 $1 26. Rac1 Qa8 27. c4 bxc3 28. bxc3 Rh5
29. c4 $2 Rc8 $6 {There was nothing wrong in taking the pawn on a5.} (29... Bb4
{[%csl Ra5]} 30. Red1 Bxa5 31. Bxa5 Bxf3 32. Qxf3 Qxf3 33. gxf3 Rxa5 34. Ra1
Rg5+ 35. Kf1 a5 $17) 30. Rb1 Bd6 31. Red1 Bc5 $6 (31... Ne4 $1 $17 {[%cal
Ge4c3,Ge4g5]} 32. Rdc1 $140 Ng5 $19) (31... Bxf3 $6 32. Qxf3 Bxh2+ 33. Kf1 Qxf3
34. gxf3 Bf4 35. c5 $44) 32. Rb2 Bc6 33. Re1 Nd7 34. Reb1 Re8 (34... Nxb6 35.
axb6 Qb7 $15 {[%cal Ga6a3]}) 35. Bc2 Nf6 36. Bc7 Nd7 37. Bb6 Ba3 38. Ra2 Bd6
39. Rd1 Bc5 40. Rb1 Rc8 41. Rab2 Ba3 $6 (41... Nxb6 $15) 42. Ra2 Bc5 1/2-1/2